El club de los suicidas : (Record no. 194724)

MARC details
000 -LEADER
campo de control de longitud fija 01451nam a2200373 i 4500
001 - NÚMERO DE CONTROL
campo de control 194724
003 - IDENTIFICADOR DE NÚMERO DE CONTROL
campo de control SpMaBN
005 - FECHA Y HORA DE LA ÚLTIMA TRANSACCIÓN
campo de control 20250716034707.0
007 - CAMPO FIJO DE DESCRIPCIÓN FÍSICA--INFORMACIÓN GENERAL
campo de control de longitud fija ta
008 - DATOS DE LONGITUD FIJA--INFORMACIÓN GENERAL
campo de control de longitud fija 240514s1933 sp | |||| 000 j spa
035 ## - NÚMERO DE CONTROL DEL SISTEMA
Número de control de sistema (OCoLC)868864084
035 ## - NÚMERO DE CONTROL DEL SISTEMA
Número de control de sistema a4721138
040 ## - FUENTE DE CATALOGACIÓN
Centro catalogador/agencia de origen SpMaBN
Lengua de catalogación spa
Centro/agencia transcriptor SpMaBN
Normas de descripción rdc
Centro/agencia modificador ES-MaACL
080 ## - NÚMERO DE LA CLASIFICACIÓN DECIMAL UNIVERSAL
Número de la Clasificación Decimal Universal 821.111-32"18"
100 0# - ENTRADA PRINCIPAL--NOMBRE DE PERSONA
Nombre de persona Stevenson, Robert Louis,
Fechas asociadas al nombre 1850-1894
Número de control del registro de autoridad o número normalizado XX900250
9 (RLIN) 108169
245 13 - MENCIÓN DEL TÍTULO
Título El club de los suicidas :
Resto del título (novela policíaca) /
Mención de responsabilidad, etc. por R. L. Stevenson.
260 ## - PUBLICACIÓN, DISTRIBUCIÓN, ETC.
Lugar de publicación, distribución, etc. Madrid
Nombre del editor, distribuidor, etc. Revista Literaria "Novelas y cuentos"
Fecha de publicación, distribución, etc. 1933
300 ## - DESCRIPCIÓN FÍSICA
Extensión 23 p.
Dimensiones 30 cm
336 ## - TIPO DE CONTENIDO
Fuente rdacontent
Término de tipo de contenido texto
337 ## - TIPO DE MEDIO
Fuente rdamedia
Nombre/término del tipo de medio sin mediación
338 ## - TIPO DE SOPORTE
Fuente rdacarrier
Nombre/término del tipo de soporte volumen
490 1# - MENCIÓN DE SERIE
Mención de serie Revista literaria "Novelas y cuentos" ;
Designación de volumen o secuencia año 5, n. 218
500 ## - NOTA GENERAL
Nota general Incluye, Una excursión en cometa de Mark Twain
500 ## - NOTA GENERAL
Nota general Traducción de: The suicide club
655 #0 - TERMINO DE INDIZACIÓN--GENERO/FORMA
9 (RLIN) 233840
Datos o término principal de género/forma Novelas policiacas
773 ## - ASIENTO DE ITEM FUENTE
Encabezamiento principal Obras encuadernadas juntas
Parte(s) relacionada(s) G-15980
Número bibliográfico anfitrión 194566
Número de ítem anfitrión 202192
830 #0 - PUNTO DE ACCESO ADICIONAL DE SERIE-TÍTULO UNIFORME
Título uniforme Revista literaria "Novelas y cuentos"
Designación de volumen o secuencia año 5, n. 218
9 (RLIN) 236217
852 ## - LOCALIZACIÓN
Ubicación ES-MaACL
Ubicación en estantería Depósito 2
Número de control de estantería G-15980(13)
Encuadernación Encuadernado con otras obras formando un volumen facticio
itemnumber 202192
Donativo/Legado Legado: Juan Antonio Porto
903 ## - NOMBRE PERSONAL DE DONANTE
9 93285
a Porto, Juan Antonio,
q 1
d 1937-2021
e Donante
942 ## - ELEMENTOS DE ENTRADA SECUNDARIOS (KOHA)
Suprimir en OPAC No
Tipo de ítem Koha Folleto

No items available.